000
00330nam a2200145Ia 4500
008
230718s9999 xx 000 0 und d
041
_a
Eng.
082
_a
347.34
_b
KEY-S
100
_a
Key law
245
0
_a
Specific Relief 1877
260
_a
Pakistan
_b
Key Low Publisher
_c
2010
300
_a
245
650
_a
Law
999
_c
26700
_d
26700